We are data : (Record no. 151299)
[ view plain ]
| 000 -LEADER | |
|---|---|
| fixed length control field | 00667nam a22001937a 4500 |
| 005 - DATE AND TIME OF LATEST TRANSACTION | |
| control field | 20180417122634.0 |
| 010 ## - LCCN (DPL NO) | |
| LC control number | ENG-122641 |
| 020 ## - INTERNATIONAL STANDARD BOOK NUMBER | |
| Terms of availability | 995.00 |
| International Standard Book Number | 9789352800384 |
| 035 ## - SYSTEM CONTROL NUMBER | |
| System control number | EN-106173 |
| 037 ## - SOURCE OF ACQUISITION | |
| Source of stock number/acquisition | DBAD/PUB |
| 082 ## - DEWEY DECIMAL CLASSIFICATION NUMBER | |
| Classification number | 302.231 |
| 100 ## - MAIN ENTRY--PERSONAL NAME | |
| Personal name | Cheney-Lippold,John |
| 245 ## - TITLE STATEMENT | |
| Title | We are data : |
| Statement of responsibility, etc | by John Cheney-Lippold |
| Remainder of title | Algorithms and the making of our digital selves / |
| 260 ## - PUBLICATION, DISTRIBUTION, ETC. (IMPRINT) | |
| Date of publication, distribution, etc | 2018 |
| Place of publication, distribution, etc | New Delhi |
| Name of publisher, distributor, etc | Sage Publications India Ltd. |
| 270 ## - ADDRESS | |
| Address | B1/1-1 Mohan Cooperative Industrial Area,Mathura Road, |
| City | New Delhi |
| Postal code | 110044 |
| Electronic mail address | www.sagepub.in |
| 300 ## - PHYSICAL DESCRIPTION | |
| Dimensions | 22cm(Hb) |
| Extent | 315P. |
| Other physical details | ill. |
| 500 ## - GENERAL NOTE | |
| General note | It includes index |
| 942 ## - ADDED ENTRY ELEMENTS (KOHA) | |
| Item type | English Books |
| Source of classification or shelving scheme | Dewey Decimal Classification |
| Call number suffix | LIP |
| Classification part | 302.231 |
| Withdrawn status | Lost status | Not for loan | Collection code | Home library | Current library | Date acquired | Source of acquisition | Cost, normal purchase price | Full call number | Barcode | Copy number | Cost, replacement price | Koha item type |
|---|---|---|---|---|---|---|---|---|---|---|---|---|---|
| Not For Loan | Non-fiction | D.B.Act.Division | Central Library | 17/04/2018 | DBAD/PUB | 995.00 | 302.231 LIP | EN-106173 | 1 | 995.00 | English Books |
